书目信息

书名: 中国最新顶尖售楼处 
作者: 赵欣 译 ;深圳市创扬文化传播有限公司
出版信息: 大连   大连理工大学出版社  2008
开本页数: 31cm  335页
丛书名:
单 册:
中图分类: TU:Z
科图分类:
主题词: 服务建筑--建筑设计--中国--图集 , 建筑学
电子资源:
ISBN: 978-7-5611-4058-1
000 01023nam0 2200265 450
001 2606
005 20091130095627.25
010    @a978-7-5611-4058-1@b精装@dCNY270.00
098    @a2606
100    @a20080616d2008 em y0chiy0110 ea
101 @achi@aeng
102    @aCN@b210000
105    @aa z 000yy
200 @a中国最新顶尖售楼处@Azhong guo zui xin ding jian shou lou chu@dChina new top property sales office@e[中英文本]@f深圳市创扬文化传播有限公司编@g赵欣译@zeng
210    @a大连@c大连理工大学出版社@d2008
215    @a335页@d31cm
330    @a本书收入了代表现今中国最新、最顶尖水平的售楼处设计项目,每个项目都配有大量精美的实景图片、平面图、设计说明文字和项目技术信息。
510 @aChina new top property sales office@zeng
606 @a服务建筑@x建筑设计@y中国@j图集
606 @a建筑学
690    @aTU:Z@v4
702  0 @a赵欣@Azhao xin@4译
711 02 @a深圳市创扬文化传播有限公司@Ashen zhen shichuang yang wen hua chuan bo you xian gong si@4编
801    @aCN@bCDNYKJ@c20091130
905    @dTU:Z@e212
    
    中国最新顶尖售楼处=China new top property sales office:[中英文本]/深圳市创扬文化传播有限公司编/赵欣译.-大连:大连理工大学出版社,2008
    335页;31cm
    
    
    ISBN 978-7-5611-4058-1(精装):CNY270.00
    本书收入了代表现今中国最新、最顶尖水平的售楼处设计项目,每个项目都配有大量精美的实景图片、平面图、设计说明文字和项目技术信息。
相关链接 在五车中查询图书 在当当中查询图书 在豆瓣中查询图书


正题名:中国最新顶尖售楼处     索取号:TU:Z/212         预约/预借

序号 登录号 条形码 馆藏地/架位号 状态 备注
1 258124   300258124   柳城-5楼工具书/56架4列4层/ [索取号:TU:Z/212] 在馆